000 00584nam a22002057a 4500
005 20241224120624.0
010 _aENG-143147
020 _a9789364682756
_c555.00
035 _aEN-126679
037 _bDBAD
082 _a004
100 _aMehrotra, Dheeraj
_975609
245 _aISC Computer Science Class 11/
_cBy Dheeraj Mehrotra
250 _a1
260 _bS. Chand School Books
_aUttar Pradesh
_c2025
270 _aD-92, Sector-2, Noida
_bUttar Pradesh
_e201301
300 _a394p.
_c23cm(pb)
500 _a2026 Syllabus
942 _2ddc
_cEN
_h004
_mMEH
999 _c207922
_d207922